000 00507nam a2200181 i 4500
001 81668
003 ES-MaACL
005 20250703061658.0
007 t|
008 041105s1933 fr ||||1| fre d
100 1 _aHuyard, Etienne.
_964864
245 1 4 _aLes premieres amours du Grand Roi /
_cEtienne Huyard.
260 _aBordeaux :
_bDelmas,
_c1933.
300 _a243 p., 1 lám. ;
_c20 cm.
600 0 7 _aLuis
_bXV,
_cRey de Francia
_2
_9152777
852 _aES-MaACL
_jA-2445
999 _c81668
_d81668